[Event "European Club Cup"]
[Site "chess24.com"]
[Date "2018.10.17"]
[Round "6"]
[White "Ledger, Andrew J"]
[Black "Jaksland, Tim"]
[Result "0-1"]
[Board "2"]
[WhiteElo "2353"]
[WhiteTitle "IM"]
[WhiteCountry "ENG"]
[WhiteFideId "400610"]
[WhiteEloChange "-14"]
[BlackElo "2214"]
[BlackTitle "FM"]
[BlackCountry "DEN"]
[BlackFideId "1401084"]
[BlackEloChange "14"]

1. d4 {[%clk 1:30:56]} Nf6 {[%clk 1:30:46]} 2. Nf3 {[%clk 1:31:16]} g6 {[%clk
1:30:30]} 3. c4 {[%clk 1:31:21]} c5 {[%clk 1:30:17]} 4. Nc3 {[%clk 1:31:02]} cxd4
{[%clk 1:27:33]} 5. Nxd4 {[%clk 1:31:27]} d5 {[%clk 1:27:22]} 6. Bf4 {[%clk
1:24:11]} Bg7 {[%clk 1:25:07]} 7. Ndb5 {[%clk 1:17:59]} O-O {[%clk 1:23:58]} 8.
e3 {[%clk 1:09:00]} Qa5 {[%clk 1:13:05]} 9. Qd2 {[%clk 0:52:58]} dxc4 {[%clk
0:47:37]} 10. Bxc4 {[%clk 0:36:04]} Nc6 {[%clk 0:43:29]} 11. O-O {[%clk 0:34:10]}
a6 {[%clk 0:38:53]} 12. Bc7 {[%clk 0:30:24]} Qb4 {[%clk 0:33:56]} 13. Na3 {[%clk
0:30:40]} Bf5 {[%clk 0:28:31]} 14. Rfd1 {[%clk 0:27:01]} Rac8 {[%clk 0:28:13]}
15. Bg3 {[%clk 0:25:27]} Rfd8 {[%clk 0:27:20]} 16. Qe2 {[%clk 0:25:31]} Ne4
{[%clk 0:23:56]} 17. Nxe4 {[%clk 0:22:02]} Bxe4 {[%clk 0:24:06]} 18. Nc2 {[%clk
0:13:57]} Bxc2 {[%clk 0:15:05]} 19. Qxc2 {[%clk 0:14:23]} Nd4 {[%clk 0:14:02]}
20. exd4 {[%clk 0:14:00]} Rxc4 {[%clk 0:14:17]} 21. Qe2 {[%clk 0:12:21]} Rcxd4
{[%clk 0:13:11]} 22. Rxd4 {[%clk 0:12:36]} Qxd4 {[%clk 0:09:26]} 23. Rb1 {[%clk
0:09:22]} Qd3 {[%clk 0:08:36]} 24. Qxd3 {[%clk 0:08:59]} Rxd3 {[%clk 0:09:04]}
25. Bf4 {[%clk 0:09:19]} e5 {[%clk 0:05:01]} 26. Be3 {[%clk 0:09:41]} f5 {[%clk
0:05:13]} 27. Kf1 {[%clk 0:09:37]} Kf7 {[%clk 0:05:10]} 28. Ke2 {[%clk 0:09:54]}
Rd7 {[%clk 0:05:31]} 29. Rc1 {[%clk 0:09:23]} e4 {[%clk 0:05:10]} 30. b3 {[%clk
0:09:21]} Be5 {[%clk 0:05:11]} 31. g3 {[%clk 0:07:49]} Rc7 {[%clk 0:05:16]} 32.
Rxc7+ {[%clk 0:06:23]} Bxc7 {[%clk 0:05:44]} 33. f3 {[%clk 0:03:52]} Ke6 {[%clk
0:05:35]} 34. fxe4 {[%clk 0:03:32]} fxe4 {[%clk 0:05:59]} 35. Bf2 {[%clk
0:03:54]} Kd5 {[%clk 0:05:45]} 36. h3 {[%clk 0:03:41]} Bd6 {[%clk 0:05:46]} 37.
g4 {[%clk 0:03:54]} Bc5 {[%clk 0:05:52]} 38. Be1 {[%clk 0:03:48]} Bd4 {[%clk
0:05:49]} 39. Bh4 {[%clk 0:03:37]} Kc5 {[%clk 0:04:00]} 40. Be7+ {[%clk 0:33:59]}
Kb5 {[%clk 0:34:20]} 41. a4+ {[%clk 0:32:03]} Kc6 {[%clk 0:33:43]} 42. Bb4 {[%clk
0:29:01]} b5 {[%clk 0:29:57]} 43. axb5+ {[%clk 0:26:51]} Kxb5 {[%clk 0:30:21]}
44. Be1 {[%clk 0:24:48]} Bc5 {[%clk 0:30:18]} 45. Kd1 {[%clk 0:22:20]} Bd4 {[%clk
0:28:26]} 46. Ke2 {[%clk 0:22:01]} Kc5 {[%clk 0:28:18]} 47. Ba5 {[%clk 0:21:46]}
Kd5 {[%clk 0:27:20]} 48. Be1 {[%clk 0:21:42]} Bg1 {[%clk 0:27:02]} 49. Bc3 {[%clk
0:20:04]} Bd4 {[%clk 0:25:16]} 50. Be1 {[%clk 0:20:26]} Be5 {[%clk 0:25:06]} 51.
Bf2 {[%clk 0:20:02]} Bc7 {[%clk 0:24:41]} 52. Bg1 {[%clk 0:18:44]} Bf4 {[%clk
0:24:45]} 53. Bb6 {[%clk 0:18:37]} Bg5 {[%clk 0:24:47]} 54. Bf2 {[%clk 0:18:08]}
Ke5 {[%clk 0:24:11]} 55. Bb6 {[%clk 0:18:30]} Bc1 {[%clk 0:23:50]} 56. Kd1 {[%clk
0:18:02]} Bb2 {[%clk 0:23:28]} 57. Be3 {[%clk 0:17:50]} Bd4 {[%clk 0:23:25]} 58.
Bh6 {[%clk 0:17:49]} Bg1 {[%clk 0:23:24]} 59. Ke2 {[%clk 0:17:55]} Bc5 {[%clk
0:21:38]} 60. Bc1 {[%clk 0:18:06]} Bg1 {[%clk 0:13:13]} 61. Kf1 {[%clk 0:17:28]}
Bh2 {[%clk 0:13:16]} 62. Ke2 {[%clk 0:17:53]} Bf4 {[%clk 0:13:34]} 63. Bb2+
{[%clk 0:18:04]} Kd5 {[%clk 0:13:51]} 64. Ba3 {[%clk 0:17:28]} Bh6 {[%clk
0:13:23]} 65. Bb2 {[%clk 0:17:39]} Bg5 {[%clk 0:13:42]} 66. Ba3 {[%clk 0:17:54]}
h6 {[%clk 0:12:38]} 67. Bb2 {[%clk 0:18:09]} Be7 {[%clk 0:10:52]} 68. Bg7 {[%clk
0:17:56]} h5 {[%clk 0:11:06]} 69. Bb2 {[%clk 0:13:17]} Bc5 {[%clk 0:11:09]} 70.
Bc1 {[%clk 0:12:19]} Ke5 {[%clk 0:11:01]} 71. Bh6 {[%clk 0:12:25]} Ba3 {[%clk
0:10:55]} 72. Bg5 {[%clk 0:12:05]} hxg4 {[%clk 0:10:12]} 73. hxg4 {[%clk
0:12:32]} Bc5 {[%clk 0:09:38]} 74. Bh6 {[%clk 0:11:37]} Bg1 {[%clk 0:05:42]} 75.
Kf1 {[%clk 0:10:47]} Bh2 {[%clk 0:06:00]} 76. Ke2 {[%clk 0:11:15]} Bf4 {[%clk
0:06:19]} 77. Bg7+ {[%clk 0:11:41]} Kd5 {[%clk 0:06:38]} 78. Bb2 {[%clk 0:11:31]}
Be5 {[%clk 0:05:37]} 79. Bc1 {[%clk 0:11:43]} Kc5 {[%clk 0:05:29]} 80. Ba3+
{[%clk 0:12:03]} Kd5 {[%clk 0:05:39]} 81. Bc1 {[%clk 0:12:23]} Bc3 {[%clk
0:05:57]} 82. Bh6 {[%clk 0:11:35]} Bb2 {[%clk 0:05:43]} 83. Bf8 {[%clk 0:11:16]}
Bf6 {[%clk 0:05:27]} 84. Ba3 {[%clk 0:10:31]} Be5 {[%clk 0:05:51]} 85. Bc1 {[%clk
0:10:43]} Bc7 {[%clk 0:05:43]} 86. Bb2 {[%clk 0:10:54]} Bf4 {[%clk 0:05:56]} 87.
Ba3 {[%clk 0:10:45]} Bh6 {[%clk 0:06:03]} 88. Bb2 {[%clk 0:11:09]} Bg5 {[%clk
0:06:30]} 89. Bg7 {[%clk 0:11:04]} e3 {[%clk 0:05:20]} 90. Kd3 {[%clk 0:07:24]}
e2 {[%clk 0:05:33]} 91. Bc3 {[%clk 0:07:33]} Bh4 {[%clk 0:04:06]} 92. Kxe2 {[%clk
0:07:57]} Ke4 {[%clk 0:04:32]} 93. Bd2 {[%clk 0:08:14]} Bg3 {[%clk 0:04:58]} 94.
Bc1 {[%clk 0:07:06]} Bd6 {[%clk 0:04:52]} 95. Bd2 {[%clk 0:06:31]} Bf4 {[%clk
0:04:09]} 96. Ba5 {[%clk 0:06:21]} Bg5 {[%clk 0:04:28]} 97. Bc7 {[%clk 0:06:40]}
Kd4 {[%clk 0:04:38]} 98. Ba5 {[%clk 0:07:04]} Bc1 {[%clk 0:04:53]} 99. Bb4 {[%clk
0:06:33]} Bb2 {[%clk 0:05:07]} 100. Bd2 {[%clk 0:04:44]} Bc3 {[%clk 0:03:02]}
101. Bg5 {[%clk 0:04:35]} Ba5 {[%clk 0:03:00]} 102. Bf6+ {[%clk 0:04:50]} Ke4
{[%clk 0:03:17]} 103. Bg5 {[%clk 0:05:18]} Bc7 {[%clk 0:03:26]} 104. Bc1 {[%clk
0:05:02]} Be5 {[%clk 0:03:41]} 105. Bh6 {[%clk 0:05:03]} Bc3 {[%clk 0:03:17]}
106. Bg5 {[%clk 0:05:21]} Be5 {[%clk 0:03:32]} 107. Bh6 {[%clk 0:05:42]} Bf4
{[%clk 0:03:31]} 108. Bf8 {[%clk 0:06:07]} Bc1 {[%clk 0:03:42]} 109. Bd6 {[%clk
0:06:31]} Be3 {[%clk 0:03:42]} 110. Be7 {[%clk 0:05:09]} Bb6 {[%clk 0:03:47]}
111. Bg5 {[%clk 0:05:31]} Bc7 {[%clk 0:03:44]} 112. Bh6 {[%clk 0:05:35]} Be5
{[%clk 0:03:59]} 113. Bg5 {[%clk 0:05:50]} Kd4 {[%clk 0:04:11]} 114. Bd2 {[%clk
0:05:55]} Bd6 {[%clk 0:04:05]} 115. Ba5 {[%clk 0:05:50]} Ba3 {[%clk 0:04:24]}
116. Bd2 {[%clk 0:05:55]} Bb2 {[%clk 0:04:49]} 117. Ba5 {[%clk 0:05:53]} Bc3
{[%clk 0:04:47]} 118. Bd8 {[%clk 0:06:00]} Ke4 {[%clk 0:05:06]} 119. Bg5 {[%clk
0:06:23]} Bb4 {[%clk 0:05:05]} 120. Bh6 {[%clk 0:06:25]} Bd6 {[%clk 0:05:29]}
121. Bg5 {[%clk 0:06:33]} Bf4 {[%clk 0:05:43]} 122. Be7 {[%clk 0:06:38]} Bc1
{[%clk 0:03:52]} 123. Bd6 {[%clk 0:06:58]} Bb2 {[%clk 0:06:10]} 124. Bh2 {[%clk
0:05:54]} Bd4 {[%clk 0:06:09]} 125. Bc7 {[%clk 0:04:15]} g5 {[%clk 0:04:40]} 126.
Bd8 {[%clk 0:03:43]} Kf4 {[%clk 0:04:54]} 127. Kd3 {[%clk 0:04:10]} Bf2 {[%clk
0:04:50]} 128. Kc4 {[%clk 0:02:50]} Kxg4 {[%clk 0:05:01]} 129. b4 {[%clk
0:03:01]} Kf4 {[%clk 0:05:09]} 130. Kb3 {[%clk 0:02:52]} g4 {[%clk 0:05:12]} 131.
Ka4 {[%clk 0:03:19]} Kf3 {[%clk 0:05:20]} 132. Bc7 {[%clk 0:03:24]} Bg3 {[%clk
0:05:09]} 133. Bd8 {[%clk 0:03:27]} Bf4 {[%clk 0:05:04]} 134. Ka5 {[%clk
0:02:58]} Bg5 {[%clk 0:05:14]} 135. Bb6 {[%clk 0:03:02]} g3 {[%clk 0:04:18]} 136.
Bc7 {[%clk 0:03:22]} g2 {[%clk 0:04:41]} 137. Bh2 {[%clk 0:03:50]} Kg4 {[%clk
0:04:35]} 0-1

[Event "European Club Cup"]
[Site "chess24.com"]
[Date "2018.10.17"]
[Round "6"]
[White "Mathioulakis, Fanis"]
[Black "Van Twillert, Laurents"]
[Result "0-1"]
[Board "3"]
[WhiteElo "1856"]
[WhiteCountry "GRE"]
[WhiteFideId "4211880"]
[WhiteEloChange "-4"]
[BlackElo "2117"]
[BlackCountry "NED"]
[BlackFideId "1009800"]
[BlackEloChange "4"]

1. e4 {[%clk 1:30:58]} c5 {[%clk 1:30:55]} 2. Nf3 {[%clk 1:31:23]} Nc6 {[%clk
1:30:57]} 3. d4 {[%clk 1:31:43]} cxd4 {[%clk 1:31:23]} 4. Nxd4 {[%clk 1:32:10]}
e5 {[%clk 1:27:45]} 5. Nb5 {[%clk 1:32:19]} d6 {[%clk 1:23:51]} 6. c4 {[%clk
1:32:31]} a6 {[%clk 1:23:16]} 7. N5c3 {[%clk 1:30:53]} f5 {[%clk 1:21:35]} 8.
exf5 {[%clk 1:31:18]} Bxf5 {[%clk 1:21:27]} 9. Bd3 {[%clk 1:31:43]} Bxd3 {[%clk
1:20:34]} 10. Qxd3 {[%clk 1:31:55]} Be7 {[%clk 1:20:17]} 11. Nd5 {[%clk 1:28:54]}
Nf6 {[%clk 1:19:54]} 12. Nbc3 {[%clk 1:29:12]} O-O {[%clk 1:18:47]} 13. Be3
{[%clk 1:24:08]} Nxd5 {[%clk 1:05:38]} 14. Nxd5 {[%clk 1:23:40]} Bg5 {[%clk
1:01:19]} 15. Bb6 {[%clk 1:17:12]} Qd7 {[%clk 1:00:07]} 16. O-O {[%clk 1:14:19]}
Bd8 {[%clk 0:50:48]} 17. Rad1 {[%clk 0:53:05]} Qf7 {[%clk 0:45:59]} 18. Be3
{[%clk 0:46:06]} Re8 {[%clk 0:41:58]} 19. Qe4 {[%clk 0:46:06]} Re6 {[%clk
0:36:41]} 20. b3 {[%clk 0:36:18]} Bf6 {[%clk 0:34:51]} 21. Qg4 {[%clk 0:31:01]}
Rae8 {[%clk 0:32:36]} 22. Qe4 {[%clk 0:27:51]} Bd8 {[%clk 0:30:51]} 23. Rd3
{[%clk 0:23:17]} Qh5 {[%clk 0:29:12]} 24. Bc1 {[%clk 0:19:12]} Qg6 {[%clk
0:20:02]} 25. Qxg6 {[%clk 0:19:06]} Rxg6 {[%clk 0:18:58]} 26. Re1 {[%clk
0:18:39]} Ba5 {[%clk 0:13:51]} 27. Re4 {[%clk 0:16:32]} Bb4 {[%clk 0:07:21]} 28.
a3 {[%clk 0:13:11]} Bc5 {[%clk 0:07:37]} 29. b4 {[%clk 0:13:11]} Ba7 {[%clk
0:07:34]} 30. Be3 {[%clk 0:12:27]} Bxe3 {[%clk 0:07:42]} 31. Rdxe3 {[%clk
0:07:06]} Ne7 {[%clk 0:05:31]} 32. Nxe7+ {[%clk 0:06:51]} Rxe7 {[%clk 0:03:42]}
33. Kf1 {[%clk 0:02:11]} Rc7 {[%clk 0:02:40]} 34. g3 {[%clk 0:02:36]} Rf6 {[%clk
0:02:41]} 35. Ke2 {[%clk 0:02:38]} b5 {[%clk 0:01:44]} 36. cxb5 {[%clk 0:01:45]}
axb5 {[%clk 0:01:54]} 37. f4 {[%clk 0:01:20]} exf4 {[%clk 0:01:29]} 38. gxf4
{[%clk 0:01:04]} Rc2+ {[%clk 0:01:41]} 39. Kf3 {[%clk 0:00:47]} Rxh2 {[%clk
0:02:05]} 40. Kg3 {[%clk 0:30:34]} Rc2 {[%clk 0:30:54]} 41. Re7 {[%clk 0:24:38]}
Rf7 {[%clk 0:26:48]} 42. Re8+ {[%clk 0:23:49]} Rf8 {[%clk 0:27:10]} 43. R8e7
{[%clk 0:22:31]} Rc4 {[%clk 0:26:31]} 44. Rd7 {[%clk 0:17:08]} Rcxf4 {[%clk
0:26:13]} 45. Rxd6 {[%clk 0:17:18]} R4f5 {[%clk 0:23:36]} 46. Rd7 {[%clk
0:14:11]} Rg5+ {[%clk 0:23:17]} 47. Kh3 {[%clk 0:11:06]} h6 {[%clk 0:23:19]} 48.
Rg3 {[%clk 0:11:02]} Rxg3+ {[%clk 0:20:32]} 49. Kxg3 {[%clk 0:11:31]} Ra8 {[%clk
0:20:50]} 50. Rb7 {[%clk 0:08:45]} Rxa3+ {[%clk 0:20:49]} 51. Kg4 {[%clk
0:08:49]} Ra1 {[%clk 0:19:32]} 52. Rxb5 {[%clk 0:09:10]} Rg1+ {[%clk 0:19:48]}
53. Kh3 {[%clk 0:05:31]} Kh7 {[%clk 0:20:01]} 54. Rb6 {[%clk 0:05:33]} h5 {[%clk
0:20:09]} 55. Kh4 {[%clk 0:05:38]} g6 {[%clk 0:19:55]} 56. b5 {[%clk 0:05:19]}
Kh6 {[%clk 0:20:02]} 57. Rc6 {[%clk 0:05:09]} Rg4+ {[%clk 0:18:40]} 58. Kh3
{[%clk 0:05:33]} Rb4 {[%clk 0:18:58]} 59. Rb6 {[%clk 0:03:30]} h4 {[%clk
0:18:58]} 60. Rb8 {[%clk 0:03:42]} Kg5 {[%clk 0:18:45]} 61. b6 {[%clk 0:03:56]}
Rb3+ {[%clk 0:19:10]} 62. Kg2 {[%clk 0:04:15]} Kg4 {[%clk 0:19:28]} 63. b7 {[%clk
0:04:28]} h3+ {[%clk 0:18:09]} 64. Kf1 {[%clk 0:01:32]} Rb1+ {[%clk 0:16:13]} 65.
Kf2 {[%clk 0:01:54]} Rb2+ {[%clk 0:16:30]} 66. Kf1 {[%clk 0:02:14]} h2 {[%clk
0:13:32]} 67. Rh8 {[%clk 0:02:40]} Kg3 {[%clk 0:13:41]} 68. Rh6 {[%clk 0:00:44]}
g5 {[%clk 0:13:51]} 69. Rh5 {[%clk 0:00:37]} g4 {[%clk 0:14:01]} 70. b8Q+ {[%clk
0:00:34]} Rxb8 {[%clk 0:14:19]} 0-1

[Event "European Club Cup"]
[Site "chess24.com"]
[Date "2018.10.17"]
[Round "6"]
[White "Jashari, Ardian"]
[Black "Higgins, Kenneth"]
[Result "1-0"]
[Board "4"]
[WhiteElo "2113"]
[WhiteTitle "FM"]
[WhiteCountry "KOS"]
[WhiteFideId "955388"]
[WhiteEloChange "3"]
[BlackElo "1823"]
[BlackCountry "IRL"]
[BlackFideId "2508630"]
[BlackEloChange "-3"]

1. e4 {[%clk 1:30:53]} d6 {[%clk 1:30:54]} 2. d4 {[%clk 1:31:13]} g6 {[%clk
1:31:18]} 3. Nc3 {[%clk 1:31:28]} Bg7 {[%clk 1:31:35]} 4. Nf3 {[%clk 1:31:51]}
Nf6 {[%clk 1:31:37]} 5. Bg5 {[%clk 1:32:09]} Bg4 {[%clk 1:30:50]} 6. h3 {[%clk
1:32:11]} Bxf3 {[%clk 1:31:07]} 7. Qxf3 {[%clk 1:32:32]} c6 {[%clk 1:31:05]} 8.
e5 {[%clk 1:32:02]} dxe5 {[%clk 1:25:56]} 9. dxe5 {[%clk 1:32:16]} Nd5 {[%clk
1:13:27]} 10. O-O-O {[%clk 1:32:29]} h6 {[%clk 1:04:22]} 11. Nxd5 {[%clk
1:32:19]} cxd5 {[%clk 1:04:48]} 12. Rxd5 {[%clk 1:32:14]} Qc7 {[%clk 1:03:46]}
13. Bf4 {[%clk 1:32:35]} e6 {[%clk 1:00:46]} 14. Bb5+ {[%clk 1:32:46]} Nc6 {[%clk
0:56:13]} 15. Rd6 {[%clk 1:33:10]} Rc8 {[%clk 0:55:50]} 16. Bxc6+ {[%clk
1:33:24]} bxc6 {[%clk 0:56:15]} 17. Rhd1 {[%clk 1:33:33]} O-O {[%clk 0:53:52]}
18. h4 {[%clk 1:27:54]} Qb6 {[%clk 0:52:43]} 19. Qe2 {[%clk 1:24:55]} Rfd8 {[%clk
0:51:54]} 20. Be3 {[%clk 1:24:09]} Qa5 {[%clk 0:50:43]} 21. Rxd8+ {[%clk
1:23:39]} Rxd8 {[%clk 0:51:11]} 22. Rxd8+ {[%clk 1:23:11]} Qxd8 {[%clk 0:51:38]}
23. h5 {[%clk 1:22:30]} Qd5 {[%clk 0:46:15]} 24. hxg6 {[%clk 1:22:22]} fxg6
{[%clk 0:46:25]} 25. Bxa7 {[%clk 1:22:05]} Qxa2 {[%clk 0:44:48]} 26. Bd4 {[%clk
1:18:37]} Qa1+ {[%clk 0:41:12]} 27. Kd2 {[%clk 1:18:26]} Qa5+ {[%clk 0:41:25]}
28. c3 {[%clk 1:17:32]} Qd5 {[%clk 0:40:57]} 29. Qf3 {[%clk 1:17:33]} Qxf3 {[%clk
0:24:44]} 30. gxf3 {[%clk 1:17:14]} g5 {[%clk 0:20:29]} 31. Ke3 {[%clk 1:16:42]}
Kf7 {[%clk 0:16:18]} 32. Ke4 {[%clk 1:10:21]} Kg6 {[%clk 0:19:01]} 33. f4 {[%clk
1:08:00]} h5 {[%clk 0:15:56]} 34. fxg5 {[%clk 1:07:13]} Kxg5 {[%clk 0:16:23]} 35.
f3 {[%clk 1:07:58]} h4 {[%clk 0:14:39]} 36. Bg1 {[%clk 1:07:02]} h3 {[%clk
0:13:03]} 37. Bh2 {[%clk 1:07:15]} Bf8 {[%clk 0:12:45]} 38. b4 {[%clk 1:06:05]}
Be7 {[%clk 0:13:03]} 39. Ke3 {[%clk 1:04:05]} Kf5 {[%clk 0:09:47]} 40. Kf2 {[%clk
1:33:17]} Bh4+ {[%clk 0:39:46]} 41. Kf1 {[%clk 1:32:32]} Bg5 {[%clk 0:35:14]} 42.
c4 {[%clk 1:31:00]} Be3 {[%clk 0:26:30]} 43. b5 {[%clk 1:31:04]} cxb5 {[%clk
0:26:43]} 44. cxb5 {[%clk 1:31:32]} Bd4 {[%clk 0:25:23]} 45. f4 {[%clk 1:27:54]}
Ke4 {[%clk 0:24:28]} 46. Bg1 {[%clk 1:23:49]} Kf3 {[%clk 0:03:49]} 47. f5 {[%clk
1:23:18]} Bxe5 {[%clk 0:02:53]} 48. fxe6 {[%clk 1:23:38]} Bd6 {[%clk 0:02:59]}
49. Bh2 {[%clk 1:23:35]} Bxh2 {[%clk 0:00:32]} 50. e7 {[%clk 1:24:00]} Bf4 {[%clk
0:00:48]} 51. e8Q {[%clk 1:24:15]} h2 {[%clk 0:01:13]} 52. Qc6+ {[%clk 1:24:34]}
1-0

[Event "European Club Cup"]
[Site "chess24.com"]
[Date "2018.10.17"]
[Round "6"]
[White "Pedersen, Peter Brondt"]
[Black "Healy, John"]
[Result "1/2-1/2"]
[Board "3"]
[WhiteElo "2140"]
[WhiteCountry "DEN"]
[WhiteFideId "1506005"]
[WhiteEloChange "-6"]
[BlackElo "1919"]
[BlackCountry "IRL"]
[BlackFideId "2500965"]
[BlackEloChange "6"]

1. Nf3 {[%clk 1:30:56]} Nf6 {[%clk 1:30:52]} 2. c4 {[%clk 1:31:19]} c5 {[%clk
1:31:15]} 3. Nc3 {[%clk 1:31:36]} e6 {[%clk 1:31:38]} 4. e3 {[%clk 1:27:53]} Nc6
{[%clk 1:31:16]} 5. d4 {[%clk 1:28:04]} cxd4 {[%clk 1:30:38]} 6. exd4 {[%clk
1:28:22]} d5 {[%clk 1:31:02]} 7. Bd3 {[%clk 1:27:10]} Be7 {[%clk 1:26:07]} 8. O-O
{[%clk 1:27:15]} Nb4 {[%clk 1:25:47]} 9. Be2 {[%clk 1:25:33]} dxc4 {[%clk
1:26:09]} 10. Bxc4 {[%clk 1:25:37]} Nbd5 {[%clk 1:26:33]} 11. Re1 {[%clk
1:21:08]} O-O {[%clk 1:26:56]} 12. Ne5 {[%clk 1:16:03]} a6 {[%clk 1:22:01]} 13.
Bb3 {[%clk 1:11:20]} Qd6 {[%clk 1:19:41]} 14. Bg5 {[%clk 1:03:06]} Nxc3 {[%clk
1:06:51]} 15. bxc3 {[%clk 1:02:31]} Nd5 {[%clk 1:07:09]} 16. Bxe7 {[%clk
0:52:22]} Nxe7 {[%clk 1:07:24]} 17. Qf3 {[%clk 0:50:36]} Rb8 {[%clk 1:07:15]} 18.
Qh3 {[%clk 0:46:31]} Ng6 {[%clk 1:05:30]} 19. Bc2 {[%clk 0:30:00]} b5 {[%clk
1:04:10]} 20. Re3 {[%clk 0:26:16]} Bd7 {[%clk 0:57:32]} 21. Qh5 {[%clk 0:23:16]}
Be8 {[%clk 0:57:23]} 22. Rh3 {[%clk 0:22:34]} h6 {[%clk 0:57:47]} 23. Nxg6 {[%clk
0:21:46]} fxg6 {[%clk 0:58:11]} 24. Bxg6 {[%clk 0:21:44]} Rf5 {[%clk 0:57:47]}
25. Bxe8 {[%clk 0:16:22]} Rxh5 {[%clk 0:48:18]} 26. Bxh5 {[%clk 0:16:22]} Rc8
{[%clk 0:48:18]} 27. Re1 {[%clk 0:16:22]} Kh7 {[%clk 0:48:18]} 28. Rhe3 {[%clk
0:16:22]} Qd5 {[%clk 0:48:18]} 29. Bf3 {[%clk 0:16:22]} Qxa2 {[%clk 0:48:18]} 30.
Rxe6 {[%clk 0:16:22]} Rxc3 {[%clk 0:48:26]} 1/2-1/2

[Event "European Club Cup"]
[Site "chess24.com"]
[Date "2018.10.18"]
[Round "7"]
[White "Vallejo Pons, Francisco"]
[Black "Chigaev, Maksim"]
[Result "1/2-1/2"]
[Board "3"]
[WhiteElo "2713"]
[WhiteTitle "GM"]
[WhiteCountry "ESP"]
[WhiteFideId "2205530"]
[WhiteEloChange "-2"]
[BlackElo "2599"]
[BlackTitle "GM"]
[BlackCountry "RUS"]
[BlackFideId "4108116"]
[BlackEloChange "2"]

1. d4 {[%clk 1:30:33]} Nf6 {[%clk 1:30:55]} 2. c4 {[%clk 1:30:58]} g6 {[%clk
1:31:21]} 3. Nc3 {[%clk 1:31:20]} Bg7 {[%clk 1:31:46]} 4. e4 {[%clk 1:31:30]} d6
{[%clk 1:32:12]} 5. Be2 {[%clk 1:31:13]} O-O {[%clk 1:32:35]} 6. Bg5 {[%clk
1:29:53]} Na6 {[%clk 1:31:49]} 7. Qd2 {[%clk 1:29:26]} e5 {[%clk 1:30:48]} 8. d5
{[%clk 1:27:01]} c6 {[%clk 1:31:09]} 9. f3 {[%clk 1:19:20]} cxd5 {[%clk 1:22:14]}
10. cxd5 {[%clk 1:14:07]} Bd7 {[%clk 1:22:30]} 11. Bxa6 {[%clk 1:08:07]} bxa6
{[%clk 1:22:54]} 12. Nge2 {[%clk 1:08:29]} a5 {[%clk 0:56:52]} 13. O-O {[%clk
0:57:15]} Qb6+ {[%clk 0:54:02]} 14. Be3 {[%clk 0:54:28]} Qa6 {[%clk 0:51:47]} 15.
a4 {[%clk 0:36:55]} Rab8 {[%clk 0:48:50]} 16. Nb5 {[%clk 0:35:29]} Bxb5 {[%clk
0:45:59]} 17. axb5 {[%clk 0:35:24]} Rxb5 {[%clk 0:45:57]} 18. b4 {[%clk 0:33:47]}
a4 {[%clk 0:42:34]} 19. Rfc1 {[%clk 0:29:18]} a3 {[%clk 0:32:23]} 20. Qd3 {[%clk
0:22:30]} Qb7 {[%clk 0:31:28]} 21. Bd2 {[%clk 0:20:38]} Nd7 {[%clk 0:21:05]} 22.
Qxa3 {[%clk 0:19:37]} a5 {[%clk 0:21:23]} 23. bxa5 {[%clk 0:18:04]} Rb3 {[%clk
0:21:50]} 24. Qa4 {[%clk 0:11:42]} Nc5 {[%clk 0:22:12]} 25. Rxc5 {[%clk 0:08:22]}
dxc5 {[%clk 0:22:28]} 26. a6 {[%clk 0:08:36]} Rb1+ {[%clk 0:10:12]} 27. Rxb1
{[%clk 0:08:45]} Qxb1+ {[%clk 0:10:36]} 28. Kf2 {[%clk 0:09:09]} Qd3 {[%clk
0:10:15]} 29. Be3 {[%clk 0:03:15]} Ra8 {[%clk 0:10:41]} 30. a7 {[%clk 0:03:43]}
Bf8 {[%clk 0:11:05]} 31. Qa5 {[%clk 0:03:13]} Qb3 {[%clk 0:08:54]} 32. Qa6 {[%clk
0:03:07]} Kg7 {[%clk 0:03:03]} 33. d6 {[%clk 0:03:01]} Qb4 {[%clk 0:02:11]} 34.
g4 {[%clk 0:02:08]} h6 {[%clk 0:01:45]} 35. h4 {[%clk 0:02:06]} Kh7 {[%clk
0:01:39]} 36. g5 {[%clk 0:01:04]} hxg5 {[%clk 0:01:32]} 37. hxg5 {[%clk 0:01:32]}
Kg7 {[%clk 0:01:46]} 38. d7 {[%clk 0:00:50]} Be7 {[%clk 0:02:10]} 39. Qc8 {[%clk
0:00:44]} Rxa7 {[%clk 0:02:16]} 40. d8Q {[%clk 0:30:42]} Bxd8 {[%clk 0:32:41]}
41. Qxd8 {[%clk 0:29:03]} Ra2 {[%clk 0:25:19]} 42. Qd3 {[%clk 0:18:51]} c4 {[%clk
0:17:56]} 43. Qd5 {[%clk 0:13:03]} Qc3 {[%clk 0:17:48]} 44. Bc5 {[%clk 0:08:11]}
Qd3 {[%clk 0:18:04]} 45. Qxe5+ {[%clk 0:08:04]} Kh7 {[%clk 0:18:27]} 46. Qh2+
{[%clk 0:07:24]} Kg8 {[%clk 0:18:37]} 47. Qb8+ {[%clk 0:07:46]} Kh7 {[%clk
0:19:03]} 48. Qh2+ {[%clk 0:07:22]} Kg8 {[%clk 0:19:27]} 49. Qb8+ {[%clk
0:07:32]} Kh7 {[%clk 0:19:51]} 50. Qh2+ {[%clk 0:07:53]} 1/2-1/2